000 01298nam a2200409 i 4500
001 25635
003 KOSZ 005
005 20200630132830.0
008 070804s1972 pl a f f 001 0 pol
015 _aPB 1972/1975
040 _aWA N
_cWA N
_dKOSZ 005/RW
046 _k1966
080 _a517
080 _a65.01
080 _a33
100 1 _aCzechowski, Tadeusz
_d(1914-2002).
_eAutor
245 1 0 _aWprowadzenie do zastosowań matematyki w ekonomii /
_cTadeusz Czechowski.
250 _aWydanie 4 nowe.
260 _aWarszawa :
_bPaństwowe Wydawnictwo Naukowe,
_c1972.
300 _a300 stron :
_bilustracje ;
_c24 cm.
336 _aTekst
_btxt
_2rdacontent
337 _aBez urządzenia pośredniczącego
_bn
_2rdamedia
338 _aWolumin
_bnc
_2rdacarrier
380 _aKsiążki
388 _a1901-2000
504 _aIndeks.
650 4 _aNauki ekonomiczne
658 _aGospodarka, ekonomia, finanse
658 _aMatematyka
655 4 _aPodręczniki akademickie
650 4 _aMatematyka
650 4 _aMetody
650 4 _aSzkoły wyższe
710 2 _aPaństwowe Wydawnictwo Naukowe
_4pbl.
856 _uhttp://koha.tu.koszalin.pl/cgi-bin/koha/opac-detail.pl?biblionumber=25635
_yKatalog online BPK
942 _2UKD
_cKS
999 _c25635
_d25635